Hudobná personálna bibliografia

Bibliographic Details
Main Author: Muntág, Emanuel, 1929-2007 (Author)
Format: Article
Language:Slovak
Subjects:

MARC

LEADER 00000nab a2200000 a 4500
001 vtls000404802
003 SK-MaSNL
005 20260302231534.0
008 150420c1990 xo 0 slo
015 |a SNBRA19rr/mm-uuuuu 
035 |a CL0404926 
040 |a SNKBUCL  |b slo  |c SNKBUCL  |e AACR2 
041 0 |a slo 
044 |a xo  |c SK 
080 |a 78:012  |2 1981 
080 |a 012  |2 1981 
080 |a 78  |2 1981 
100 1 |a Muntág, Emanuel,  |d 1929-2007  |4 aut 
245 1 0 |a Hudobná personálna bibliografia  |c Emanuel Muntág 
500 |a Pozn. 22. 
650 0 7 |a hudba slovenská  |2 snkbucl  |9 426131 
650 0 7 |a bibliografie personálne  |2 snkbucl  |9 475375 
655 7 |a články zo zborníkov  |2 snkbucl  |9 166140 
655 7 |a články z odboru knihovníctvo  |2 snkbucl  |9 166141 
773 0 |t Bibliografický zborník 1990  |d Martin : Matica slovenská, 1990 
850 |a Slovenská národná knižnica v Martine  |a MTA001 
852 |a SNK  |b KIS3GCP 
958 |a RK 
958 |a KL 
992 |a RZB 
999 |c 1539092  |d 1541022